10 największych miast w Słowenii - Statystyki

Ogólne statystyki
  • Ten quiz został rozwiązany 17 razy
  • Średni wynik to 7 z 10
Statystyki odpowiedzi
Populacja Miasto % Poprawnych
94 875 Maribor
100%
280 310 Ljubljana
86%
38 079 Celje
79%
25 319 Koper
79%
37 553 Kranj
79%
23 321 Novo mesto
57%
17 780 Ptuj
57%
24 923 Velenje
50%
13 768 Kamnik
36%
13 932 Trbovlje
29%
Nie znaleziono quizów pasujących do podanych kryteriów
Rozkład punktacji
Procent ludzi z każdym wynikiem
Percentyl według liczby udzielonych odpowiedzi
Twoja historia wyników
Nie rozwiązałeś tego quizu